LEADER 01296nam 2200457 450 001 9910794757503321 005 20200520144314.0 010 $a1-5018-4923-9 035 $a(CKB)4340000000188494 035 $a(Au-PeEL)EBL4799996 035 $a(CaPaEBR)ebr11442645 035 $a(OCoLC)995162468 035 $a(MiAaPQ)EBC4799996 035 $a(EXLCZ)994340000000188494 100 $a20171009h20172017 uy 0 101 0 $aeng 135 $aurcnu|||||||| 181 $2rdacontent 182 $2rdamedia 183 $2rdacarrier 200 10$aStride $ecreating a discipleship pathway for your church /$fMike Schreiner, Ken Willard 210 1$aNashville, Tennessee :$cAbingdon Press,$d2017. 210 4$dİ2017 215 $a1 online resource (96 pages) $cillustrations 320 $aIncludes bibliographical references. 606 $aChurch growth 606 $aChurch development, New 606 $aChristian life 615 0$aChurch growth. 615 0$aChurch development, New. 615 0$aChristian life. 676 $a254.5 700 $aSchreiner$b Mike$01547088 702 $aWillard$b Ken 801 0$bMiAaPQ 801 1$bMiAaPQ 801 2$bMiAaPQ 906 $aBOOK 912 $a9910794757503321 996 $aStride$93803160 997 $aUNINA LEADER 01706nas 2200529- 450 001 9910503189903321 005 20230429213018.0 035 $a(OCoLC)1315754057 035 $a(CKB)3880000000004379 035 $a(CONSER)--2022270637 035 $a(EXLCZ)993880000000004379 100 $a20220511a19179999 k-- a 101 0 $alit 135 $aurbn|---uuaup 135 $aurbn|---uuaua 181 $ctxt$2rdacontent 182 $cc$2rdamedia 183 $acr$2rdacarrier 200 10$aDraugas 210 1$aChicago, Ill. :$cDraugas Pub. Co. 215 $a1 online resource 311 $a2377-3286 517 1 $aLithuanian daily friend 606 $aLithuanian Americans$zIllinois$vNewspapers 606 $aLithuanian American Catholics$zIllinois$vNewspapers 606 $aLithuanian American newspapers$zIllinois 606 $aLithuanian American Catholics$2fast$3(OCoLC)fst01000332 606 $aLithuanian American newspapers$2fast$3(OCoLC)fst01000339 606 $aLithuanian Americans$2fast$3(OCoLC)fst01000343 606 $aReligion$2fast$3(OCoLC)fst01093763 607 $aChicago (Ill.)$xReligion$vNewspapers 607 $aIllinois$2fast 607 $aIllinois$zChicago$2fast 608 $aNewspapers.$2fast 615 0$aLithuanian Americans 615 0$aLithuanian American Catholics 615 0$aLithuanian American newspapers 615 7$aLithuanian American Catholics. 615 7$aLithuanian American newspapers. 615 7$aLithuanian Americans. 615 7$aReligion. 676 $a306.08 712 02$aLithuanian Catholic Press Society. 906 $aJOURNAL 912 $a9910503189903321 996 $aDraugas$91893953 997 $aUNINA